000 00448nam a2200157Ia 4500
008 151021s9999 xx 000 0 und d
020 _a9.7881700059e+012
050 _aZ 679.7 .K385 2010
245 _a_Protecting your library's digital sources
260 _aNew Delhi ALA 2010
300 _axiii,104p.
500 _aIncludes index
500 _aIncludes index
650 _a_Preservation&Planning
980 _a^d20131009 11:25:44^oanne
999 _c14412
_d14412